| 000 | 01037nam a2200289Ia 4500 | ||
|---|---|---|---|
| 003 | OSt | ||
| 005 | 20220930091345.0 | ||
| 006 | a|||||r|||| 00| 0 | ||
| 007 | ta | ||
| 008 | 220926b |||||||| |||| 00| 0 eng d | ||
| 024 | _a5794 | ||
| 037 | _cTheses | ||
| 040 |
_aCRL _cCRL _beng |
||
| 041 |
_2eng _aeng |
||
| 100 |
_aDanewa Arun Singh Au. _9545443 |
||
| 110 | _aUniversity of Delhi. Faculty of Medical Sciences. Department of Paediatrics | ||
| 245 | 0 |
_aRole of ondansetron in management of dehydrating diarrhea with vomiting _b a randomized controlled study |
|
| 260 | _c2012 | ||
| 300 |
_a69 _ap. _ccm. |
||
| 650 | _aCHILDREN - DISEASES | ||
| 700 |
_a Dr. Dheeraj Shah Gu. _9543723 |
||
| 700 |
_a Prof. Piyush Gupta Gu. _9545444 |
||
| 700 |
_a Prof. S.k. Bhattacharya Gu. _9545445 |
||
| 700 | _aUniversity of Delhi. Faculty of Medical Sciences. Department of Paediatrics | ||
| 942 |
_cDIS _2CC |
||
| 999 |
_c881988 _d881988 |
||